A carregar...
Models of simple prose
| Autor principal: | |
|---|---|
| Formato: | Printed Book |
| Publicado em: |
Bombay
Blackie & Son (India) Ltd.
1976
|
| Assuntos: |
| LEADER | 00457nam a2200157 4500 | ||
|---|---|---|---|
| 082 | |a 824 WIL-M | ||
| 100 | |a Williams, G J, Ed. | ||
| 245 | |a Models of simple prose | ||
| 250 | |||
| 260 | |a Bombay |b Blackie & Son (India) Ltd. |c 1976 | ||
| 300 | |||
| 490 | |||
| 650 | |a English essays-- Literature | ||
| 942 | |c BK | ||
| 999 | |c 220764 |d 220764 | ||
| 952 | |0 0 |1 0 |4 0 |6 824_000000000000000_WILM |7 0 |9 234897 |a SDE |b SDE |d 2019-12-12 |l 0 |o 824 WIL-M |p SDE048 |r 2019-12-12 |w 2019-12-12 |y BK | ||